| 000 | 00476nam a22001811a 4500 | ||
|---|---|---|---|
| 001 | 11543 | ||
| 003 | OSt | ||
| 005 | 20260204212247.0 | ||
| 008 | 121206s2011||||dr ||||||b||||||||||spa|| | ||
| 020 | _a9789945068156 | ||
| 050 | _aRD 861.5 P415l | ||
| 100 | _aPérez, Isael | ||
| 245 | _aLlamas de amar y poemas para amar / Isael Pérez | ||
| 264 | _aSanto Domingo : Búho | ||
| 300 | _a87 p | ||
| 650 | _aPoemas de Amar - Poemas - República DominicanaÌ | ||
| 942 |
_2ddc _cBK |
||
| 999 |
_c11543 _d11543 |
||